Riconosci il Pokémon - Quiz n°938 - Statistics

Statistiche generali
  • Questo quiz è stato fatto 6 volte
  • Il punteggio medio è 7 su 10
Statistiche sulle risposte
Indizio Risposta % Corretto
Tipo Elettro
100%
Generazione Seconda
100%
Stadio evoluzione Non si evolve
83%
Peso 178,0 kg
67%
Altezza 1,9 m
67%
Tasso di cattura 3 (1.6%)
67%
Tasso di allevamento Lento
67%
Abilità Pressione; Assorbivolt; Forza Interiore
67%
Sesso Sconosciuto
67%
Pokémon Raikou
50%
Nessun quiz corrispondente trovato
Distribuzione punteggi
Percentuale di utenti per punteggio
Percentile per numero di risposta
I tuoi punteggi nel tempo
Non hai fatto questo quiz